Elenca la formazione - Quiz n°269 - Statistics

Statistiche generali
  • Questo quiz è stato fatto 22 volte
  • Il punteggio medio è 8 su 11
Statistiche sulle risposte
Ruolo Club dell'epoca Calciatore % Corretto
Attaccante Napoli Gonzalo Higuaín
100%
Trequartista Barcellona Lionel Messi
100%
Centrocampista Barcellona Javier Mascherano
90%
Centrocampista Lazio Lucas Biglia
85%
Ala Paris Saint-Germain Ezequiel Lavezzi
80%
Difensore Manchester City Martín Demichelis
75%
Difensore Manchester City Pablo Zabaleta
75%
Portiere Monaco Sergio Romero
75%
Difensore Sporting Lisbona Marcos Rojo
45%
Difensore Benfica Ezequiel Garay
35%
Ala Benfica Enzo Pérez
30%
Nessun quiz corrispondente trovato
Distribuzione punteggi
Percentuale di utenti per punteggio
Percentile per numero di risposta
I tuoi punteggi nel tempo
Non hai fatto questo quiz